| 000 | 00940nam a2200277 a 4500 | ||
|---|---|---|---|
| 001 | 54825 | ||
| 003 | BD-RjUL | ||
| 005 | 20241201130227.0 | ||
| 008 | 161110r19611958enk 000 0 eng d | ||
| 035 | _a(BD-RjUL) 54947 | ||
| 040 |
_aBD-RjUL _beng _cBD-RjUL |
||
| 041 | _aeng | ||
| 082 |
_223 _a822.33 _bSHA 1961 |
||
| 100 | 1 |
_aShakespeare, William, _d1564-1616. _9163440 |
|
| 245 | 1 | 4 |
_aThe Arden edition of the works of William Shakespeare The tempest / _cedited by Frank Kermode. |
| 246 | _aThe tempest | ||
| 250 | _a6th. ed. | ||
| 260 |
_aLondon : _bMethuen, _c1958 [reprinted 1961] |
||
| 300 |
_axciii, 173 p. ; _c21 cm. |
||
| 490 | 1 | _aThe Arden edition of the works of William Shakespeare | |
| 500 | _aThis ed. first published 1958 ; corrected reprint, 1961 | ||
| 504 | _aIncludes bibliographical references. | ||
| 600 | _aShakespeare, William, 1564-1616 | ||
| 700 | 1 |
_aKermode, Frank, _d1919-2010. _914488 |
|
| 942 |
_2ddc _cBK |
||
| 999 |
_c54825 _d54825 |
||